000
00238nam a2200085Ia 4500
245
0
_a
Human resource development
100
_a
Mankin, David, , 1955- New York, 2009
_9
79142
942
_c
BK
008
210817s9999 xx 000 0 und d
999
_c
275073
_d
275072